000 00297nam a22001337a 4500
008 170717b xxu||||| |||| 00| 0 eng d
020 _a9780884899877
041 _aeng
080 _22ND
_a2
100 _a24
101 _aTEO
245 _aTHE CATHOLIC FAITH HANDBOOK
_cMARY, S
942 _2udc
_cBK
999 _c21298
_d21298